Central Library, Doon University
WEBOPAC (ONLINE PUBLIC ACCESS CATALOGUE)

Techniques in Plant Tissue Culture and Genetic Transformation (Record no. 60541)

MARC details
000 -LEADER
fixed length control field 00623nam a22002177a 4500
005 - DATE & TIME
control field 20260317161917.0
008 - FIXED-LENGTH DATA ELEMENTS--GENERAL INFORMATION
fixed length control field 260317b |||||||| |||| 00| 0 eng d
020 ## - ISBN
International Standard Book Number 9788186535776
Price 1595.00
040 ## - CATALOGING SOURCE
Original cataloging agency Doon University
041 ## - Language
Language English
082 ## - DDC NUMBER
Classification number 571.5382
Book Number TEC
100 ## - MAIN ENTRY--PERSONAL NAME
Personal name Gupta, Sanjay Mohan (ed)
245 ## - TITLE STATEMENT
Title Techniques in Plant Tissue Culture and Genetic Transformation
260 ## - PUBLICATION, DISTRIBUTION, ETC. (IMPRINT)
Place of publication, distribution, etc New Delhi
Name of publisher, distributor, etc Panima
Date of publication, distribution, etc 2016
300 ## - PHYSICAL DESCRIPTION
Pages 294
650 ## - Subject
Subject Biological Science
700 ## - Added Entry Personal Name
Added Entry Personal Name Gupta, Supriya (ed)
700 ## - Added Entry Personal Name
Added Entry Personal Name Gaur, A. K. (ed)
700 ## - Added Entry Personal Name
Added Entry Personal Name Anil, Kumar (ed)
942 ## - ADDED ENTRY ELEMENTS (KOHA)
Koha item type Books
100 ## - MAIN ENTRY--PERSONAL NAME
-- 26517
650 ## - Subject
-- 14046
700 ## - Added Entry Personal Name
-- 26518
700 ## - Added Entry Personal Name
-- 26519
700 ## - Added Entry Personal Name
-- 26222
952 ## - LOCATION AND ITEM INFORMATION (KOHA)
-- 2026-03-17
952 ## - LOCATION AND ITEM INFORMATION (KOHA)
-- 2026-03-17
952 ## - LOCATION AND ITEM INFORMATION (KOHA)
-- 2026-03-17
952 ## - LOCATION AND ITEM INFORMATION (KOHA)
-- 2026-03-17
Holdings
Withdrawn status Lost status Source of classification or shelving scheme Damaged status Not for loan Location (home branch) Sublocation or collection (holding branch) Date acquired Koha full call number Accession No. Koha date last seen Koha item type Koha issues (times borrowed)
        Not For Loan Doon University Doon University 17.03.2026 571.5382 TEC 53497 17.03.2026 Reference  
          Doon University Doon University 17.03.2026 571.5382 TEC 53498 17.03.2026 Books  
          Doon University Doon University 17.03.2026 571.5382 TEC 53499 17.03.2026 Books  
          Doon University Doon University 17.03.2026 571.5382 TEC 53500 17.03.2026 Books  
Contact : +91-135-2533126 (Library),+91-135-2533105 (Admin Office) , Email : doonlibrary@gmail.com

Powered by Koha